UITU Library & LRC     

Broadband Powerline Communication (Record no. 33529)

MARC details
000 -LEADER
fixed length control field 00506nam a2200133Ia 4500
008 - FIXED-LENGTH DATA ELEMENTS--GENERAL INFORMATION
fixed length control field 260210s9999 xx 000 0 und d
024 ## - OTHER STANDARD IDENTIFIER
Standard number or code 04B-059-TE, 04B-007-TE, 04B-044-TE, 04B-044-TE & 04B-032-TE
082 ## - DEWEY DECIMAL CLASSIFICATION NUMBER
Classification number 004.6072 MUH
100 ## - MAIN ENTRY--PERSONAL NAME
Personal name Muhammad Ibrahim, Syed Zohaib Hussain Shsh, Muhammad Fahad Khan & Umair Ahmed Siddqui
245 #0 - TITLE STATEMENT
Title Broadband Powerline Communication
260 ## - PUBLICATION, DISTRIBUTION, ETC.
Place of publication, distribution, etc. Karachi:
Name of publisher, distributor, etc. UITU,
Date of publication, distribution, etc. 2004
600 ## - SUBJECT ADDED ENTRY--PERSONAL NAME
Personal name Telecommunication Engineering
650 ## - SUBJECT ADDED ENTRY--TOPICAL TERM
Topical term or geographic name entry element Bachelor of Engineering (BE)

No items available.

Powered by Koha